| 000 | 00672nam a2200229 a 4500 | ||
|---|---|---|---|
| 001 | 10221 | ||
| 003 | CO-ViMGA | ||
| 008 | 141112s2004 ck r 000 u spa d | ||
| 020 | _a8426707599 | ||
| 040 |
_aCO-ViMGA _bspa _cCO-ViMGA |
||
| 082 | 0 | 4 | _a537.6 H15p |
| 100 | 1 |
_aGaus ; Hans Joachim, _913297 |
|
| 245 | 1 | 0 | _aPotencia de la Corriente Trifásica y su medición ep 36 |
| 260 |
_aBarcelona : _bMarcombo S.A, _c1989 |
||
| 300 | _a67p. | ||
| 490 | _aEnseñanza programa 36 | ||
| 650 | 1 | 4 |
_aCORRIENTE TRIFASICA _949432 |
| 650 | 1 | 4 |
_aELECTRONICA DE POTENCIA _913298 |
| 650 | 1 | 4 |
_aENSEÑANZA PROGRAMA _913299 |
| 650 | 1 | 4 |
_aENSEÑANZA PROGRAMADA _913300 |
| 942 |
_2ddc _cBK |
||
| 999 |
_c21593 _d21593 |
||